د ر پس آ يہنہ مرتبہ:و ہا ب ا شر فی (Record no. 172670)

MARC details
000 -LEADER
fixed length control field 00886nam a22002417a 4500
005 - DATE AND TIME OF LATEST TRANSACTION
control field 20200210160806.0
008 - FIXED-LENGTH DATA ELEMENTS--GENERAL INFORMATION
fixed length control field 090520t xxu||||| |||| 00| 0 Ur d
010 ## - LCCN (DPL NO)
LC control number A-429157
020 ## - INTERNATIONAL STANDARD BOOK NUMBER
International Standard Book Number -
Terms of availability 800.00
035 ## - SYSTEM CONTROL NUMBER
System control number A-429157
037 ## - SOURCE OF ACQUISITION
Source of stock number/acquisition Educational Publishing House
040 ## - CATALOGING SOURCE
Original cataloging agency dpl
Language of cataloging Urdu
082 ## - DEWEY DECIMAL CLASSIFICATION NUMBER
Classification number 854
100 ## - MAIN ENTRY--PERSONAL NAME
Personal name مرتبہ:و ہا ب ا شر فی
245 ## - TITLE STATEMENT
Title د ر پس آ يہنہ مرتبہ:و ہا ب ا شر فی
246 ## - VARYING FORM OF TITLE
Title proper/short title Dar Pas-e-Aaina
Remainder of title Edited by Wahab Ashrafi
260 ## - PUBLICATION, DISTRIBUTION, ETC. (IMPRINT)
Place of publication, distribution, etc Delhi
Name of publisher, distributor, etc Educational publishing house
Date of publication, distribution, etc 2010
270 ## - ADDRESS
Address 3108,Vakil Street,Kucha Pandit,Lal Kuan,
City Delhi
Postal code 110006
Telephone number -
Fax number -
300 ## - PHYSICAL DESCRIPTION
Extent 976 p.
Other physical details 24cm.(Hb)
710 ## - ADDED ENTRY--CORPORATE NAME
Corporate name or jurisdiction name as entry element سيّدہ جعفر
942 ## - ADDED ENTRY ELEMENTS (KOHA)
Source of classification or shelving scheme Dewey Decimal Classification
Item type Urdu Bks
Classification part 854
Call number suffix ہ م ا
Holdings
Withdrawn status Lost status Source of classification or shelving scheme Damaged status Not for loan Collection code Home library Current library Date acquired Source of acquisition Cost, normal purchase price Total Checkouts Full call number Barcode Date last seen Copy number Cost, replacement price Koha item type
    Dewey Decimal Classification   Ordered Non-fiction Central Library Central Library 10/02/2020 BPPD/Ven. 800.00   854 ہ م ا B-429157. 10/02/2020 1 800.00 Urdu Bks

© Delhi Public Library
Hit Counter
free hit counter